000 00205 a2200109 4500
020 _a2808489675447
041 _aspa
100 _aLars Klinting
245 _aCastor Jardinero
942 _cBK
952 _74
999 _c20615
_d20615